Cultural tourism in a changing world : politics, participation and (re)presentation
Αποθηκεύτηκε σε:
| Άλλοι συγγραφείς: | , |
|---|---|
| Μορφή: | Βιβλίο |
| Γλώσσα: | English |
| Δημοσίευση: |
Clevedon, UK :
Channel View Publications,
c2006
|
| Σειρά: | Tourism and cultural change ;
; 7 |
| Θέματα: | |
| Ετικέτες: |
Προσθήκη ετικέτας
Δεν υπάρχουν, Καταχωρήστε ετικέτα πρώτοι!
|
MARC
| LEADER | 00000nam a2200000 i 4500 | ||
|---|---|---|---|
| 001 | 1/99042 | ||
| 008 | 081210s2006 eng d | ||
| 020 | |a 978-1-84541-043-8 (pbk.) | ||
| 020 | |a 1-84541-043-2 | ||
| 035 | |l 10102312 | ||
| 040 | |a GR-MY-UA |b gre |e aacr | ||
| 041 | 0 | |a eng | |
| 082 | 0 | |a 338.4791 |2 (22) | |
| 245 | 1 | 0 | |a Cultural tourism in a changing world : |b politics, participation and (re)presentation / |c edited by Melanie Smith and Mike Robinson |
| 260 | |a Clevedon, UK : |b Channel View Publications, |c c2006 | ||
| 300 | |a xi, 303 σ.; |b πίν., σχ.; |c 21 εκ. | ||
| 490 | 1 | |a Tourism and cultural change |v ; 7 | |
| 504 | |a Περιλαμβάνει βιβλιογραφικές παραπομπές | ||
| 650 | 0 | 0 | |a Heritage tourism. |
| 650 | 0 | 0 | |a Heritage tourism |x Social aspects. |
| 700 | 1 | |a Smith, Melanie K. |4 edt | |
| 700 | 1 | |a Robinson, Mike |d 1960- | |
| 830 | 0 | |a Tourism and cultural change ; |v ; 7 | |
| 852 | |a INST |b CHIOS |e 20081210 |h 338.4791 CUL |p 005200030799 |q 005200030799 |t BK |y 0 | ||
| 901 | |a BIBL2-2008-3 | ||
| 909 | |a Χ |b 153724 | ||
| 922 | |a 2ΕΛΗ |b 200809 |c ΕΠΕΑΕΚ2/ΤΔΕ |d Ι. ΜΙΧΑΛΟΠΟΥΛΟΣ | ||
| 970 | |a ΒΑΣΙΛΑΚΗ |b ΝΙΚΗ |z 2008/12/10 | ||